An introduction to mapwork and practical geography / (Record no. 52668)
[ view plain ]
| 000 -LEADER | |
|---|---|
| fixed length control field | 00863nam a2200277 a 4500 |
| 001 - CONTROL NUMBER | |
| control field | 52668 |
| 003 - CONTROL NUMBER IDENTIFIER | |
| rucl marc code | BD-RjUL |
| 005 - DATE AND TIME OF LATEST TRANSACTION | |
| control field | 20211209075837.0 |
| 008 - FIXED-LENGTH DATA ELEMENTS--GENERAL INFORMATION | |
| fixed length control field | 160925s1962 enka 001 0 eng |
| 035 ## - SYSTEM CONTROL NUMBER | |
| System control number | (BD-RjUL)52788 |
| 040 ## - CATALOGING SOURCE | |
| Original cataloging agency | BD-RjUL |
| Language of cataloging | eng |
| Transcribing agency | BD-RjUL |
| Modifying agency | BD-RjUL |
| 041 ## - LANGUAGE CODE | |
| Language code of text/sound track or separate title | eng |
| 082 04 - DEWEY DECIMAL CLASSIFICATION NUMBER | |
| Edition number | 23 |
| Classification number | 526.8 |
| Author mark and year | BYI 1962 |
| 100 1# - MAIN ENTRY--PERSONAL NAME | |
| Personal name | Bygott, John. |
| 9 (RLIN) | 27019 |
| 245 13 - TITLE STATEMENT | |
| Title | An introduction to mapwork and practical geography / |
| Statement of responsibility, etc. | by John Bygott. |
| 250 ## - EDITION STATEMENT | |
| Edition statement | 8th ed. / |
| 260 ## - PUBLICATION, DISTRIBUTION, ETC. (IMPRINT) | |
| Place of publication, distribution, etc. | London : |
| Name of publisher, distributor, etc. | University Tutorial Press, |
| Date of publication, distribution, etc. | 1962 |
| 300 ## - PHYSICAL DESCRIPTION | |
| Pagination | viii, 264 p. : |
| Illustrations | ill. ; |
| Size | 22 cm. |
| 500 ## - GENERAL NOTE | |
| General note | Includes index. |
| 650 #0 - SUBJECT ADDED ENTRY--TOPICAL TERM | |
| Topical term or geographic name as entry element | Cartography |
| General subdivision | Study and teaching. |
| 9 (RLIN) | 27020 |
| Topical term or geographic name as entry element | Meteorology |
| Form subdivision | Charts, diagrams, etc. |
| 9 (RLIN) | 27021 |
| Topical term or geographic name as entry element | Geology |
| Form subdivision | Maps. |
| 9 (RLIN) | 27022 |
| Topical term or geographic name as entry element | Map reading |
| General subdivision | Study and teaching. |
| 9 (RLIN) | 27023 |
| 700 1# - ADDED ENTRY--PERSONAL NAME | |
| Personal name | Money, D. C. |
| 942 ## - ADDED ENTRY ELEMENTS (KOHA) | |
| Source of classification or shelving scheme | Dewey Decimal Classification |
| Koha item type | Books |
| Lost status | Source of classification or shelving scheme | Damaged status | Not for loan | Collection code | Permanent Location | Current Location | Shelving location | Date acquired | Source of acquisition | Cost, normal purchase price | Total Checkouts | Full call number | Date last seen | Copy number | Koha item type |
|---|---|---|---|---|---|---|---|---|---|---|---|---|---|---|---|
| Dewey Decimal Classification | Non-fiction | Central Library, University of Rajshahi | Central Library, University of Rajshahi | 07/02/1963 | Zeithlinger | 17.00 | 526.8 BYI 1962 | 25/09/2016 | C-2 | Books | |||||
| Dewey Decimal Classification | Not For Loan | Non-fiction | Central Library, University of Rajshahi | Central Library, University of Rajshahi | Reading Room | 05/02/1969 | Zeitlinger | 17.00 | 526.8 BYI 1962 | 18/03/2021 | C-1 | Books | |||
| Dewey Decimal Classification | Non-fiction | Central Library, University of Rajshahi | Central Library, University of Rajshahi | 07/02/1963 | Zeitlinger | 17.00 | 526.8 BYI 1962 | 18/03/2021 | C-3 | Books |